[Event "GER-ch U25 op-B"]
[Site "Oberhof"]
[Date "2013.05.22"]
[Round "6"]
[White "Ruepke, Yannick"]
[Black "Schulze, Lukas"]
[Result "1-0"]
[WhiteElo "1038"]
[BlackElo "858"]
[PlyCount "89"]
[EventDate "2013.05.19"]
[EventType "swiss"]
[EventRounds "9"]
[EventCountry "GER"]
[SourceTitle "CBM 154 Extra"]
[Source "ChessBase"]
[SourceDate "2013.06.25"]
[SourceVersion "2"]
[SourceVersionDate "2013.06.25"]
[SourceQuality "1"]

1. d4 Nf6 2. Nd2 e6 3. e4 d5 4. Bd3 dxe4 5. Nxe4 Qxd4 6. Bb5+ Qd7 7. Bxd7+ Nbxd7 8. Nxf6+ Nxf6 9. Nf3 Bd7 10. 0-0 0-0-0 11. Qe2 a6 12. Qe5 Bd6 13. Qc3 Bb5 14. Rd1 Bb4 15. Rxd8+ Rxd8 16. Qxb4 Rd1+ 17. Qe1 Be2 18. Qxd1 Bxd1 19. Ne5 Bxc2 20. Nxf7 c5 21. a3 a5 22. Be3 c4 23. Nd6+ Kc7 24. Nxc4 a4 25. Rc1 Bb3 26. Na5+ Kb8 27. Nxb3 axb3 28. Rc3 h5 29. Rxb3 Ne4 30. Rb6 Kc7 31. Rxe6 Nd6 32. Bf4 Kc6 33. Rxd6+ Kc5 34. Rd7 b5 35. Rxg7 Kc4 36. Rg5 Kb3 37. Rxb5+ Ka4 38. Rb8 h4 39. g4 Ka5 40. g5 Ka6 41. g6 Ka7 42. g7 Ka6 43. g8Q Ka5 44. Qb3 Ka6 45. Qb6# 1-0

[Event "GER-ch U25 op-B"]
[Site "Oberhof"]
[Date "2013.05.21"]
[Round "5"]
[White "Ruepke, Yannick"]
[Black "Chung, Nicholas"]
[Result "1-0"]
[WhiteElo "1038"]
[BlackElo "946"]
[PlyCount "91"]
[EventDate "2013.05.19"]
[EventType "swiss"]
[EventRounds "9"]
[EventCountry "GER"]
[SourceTitle "CBM 154 Extra"]
[Source "ChessBase"]
[SourceDate "2013.06.25"]
[SourceVersion "2"]
[SourceVersionDate "2013.06.25"]
[SourceQuality "1"]

1. d4 d5 2. Nf3 Nc6 3. e3 Nf6 4. Bd3 Bd7 5. Nbd2 e6 6. e4 Bb4 7. c3 Ba5 8. 0-0 0-0 9. b4 Bb6 10. a4 a5 11. b5 Ne7 12. Ne5 c6 13. Bb2 Qe8 14. Qe2 Rc8 15. bxc6 Bxc6 16. Nxc6 Qxc6 17. Bb5 Qc7 18. e5 Nd7 19. Qg4 f5 20. Qg5 Ng6 21. Rfe1 f4 22. g3 fxg3 23. Qxg3 Rf5 24. Re3 Kf7 25. Rf3 Rxf3 26. Qxf3+ Kg8 27. Kh1 Rf8 28. Qg3 Nb8 29. Rg1 Qf7 30. Bc1 Qxf2 31. Qxf2 Rxf2 32. Rg4 Nc6 33. Bd3 Nf4 34. Bf1 Ne2 35. Bxe2 Rxe2 36. Rg1 Bd8 37. Rf1 Bg5 38. Ba3 Ne7 39. Nf3 Ra2 40. Bc5 h6 41. Nxg5 hxg5 42. Bxe7 Rxa4 43. Bxg5 Rc4 44. Rb1 Rxc3 45. Rxb7 Rc1+ 46. Bxc1 1-0

[Event "GER-ch U25 op-B"]
[Site "Oberhof"]
[Date "2013.05.20"]
[Round "3"]
[White "Klinkhammer, Christopher"]
[Black "Ruepke, Yannick"]
[Result "1-0"]
[WhiteElo "1279"]
[BlackElo "1038"]
[PlyCount "99"]
[EventDate "2013.05.19"]
[EventType "swiss"]
[EventRounds "9"]
[EventCountry "GER"]
[SourceTitle "CBM 154 Extra"]
[Source "ChessBase"]
[SourceDate "2013.06.25"]
[SourceVersion "2"]
[SourceVersionDate "2013.06.25"]
[SourceQuality "1"]

1. c4 e5 2. Nc3 Nf6 3. g3 Bc5 4. Bg2 Nc6 5. e3 d6 6. Nge2 Bg4 7. h3 Be6 8. d4 Bxc4 9. dxc5 Bxe2 10. Qxe2 d5 11. 0-0 Qd7 12. Qb5 Rb8 13. Nxd5 Qd8 14. Nxf6+ Qxf6 15. Bxc6+ Qxc6 16. Qxc6+ bxc6 17. Rb1 Rb5 18. b4 a5 19. a3 0-0 20. Bb2 axb4 21. axb4 f6 22. Bc3 Ra8 23. Rfd1 Ra3 24. Be1 Rb8 25. Ra1 Rb3 26. Rd7 Rc8 27. Ra7 Rb1 28. Kf1 Rc1 29. Rdxc7 Rxc7 30. Rxc7 h6 31. Rxc6 Rb1 32. Ke2 Kf7 33. Rc7+ Kg6 34. e4 Rb2+ 35. Bd2 Rb3 36. c6 Ra3 37. Rb7 Ra8 38. c7 Rc8 39. b5 Kf7 40. b6 Ke6 41. Rb8 Kd7 42. Ba5 g6 43. b7 Rxc7 44. Rd8+ Kxd8 45. b8Q+ Kd7 46. Qxc7+ Ke6 47. Qc6+ Ke7 48. Bb4+ Kd8 49. Qd6+ Ke8 50. Qe7# 1-0